000 00740nam a2200229 4500
003 OSt
005 20240726082837.0
006 a
008 240726b |||||||| |||| 00| 0 eng d
020 _a9780071289481
040 _aDWCL-Main lib.
_cOC
082 _2Thirteenth edition
_aCirc. 658.3 N558o 2011
100 _aNewstron, John W.
245 _aOrganizational behavior : human behavior at work /
250 _aThirteenth edition
260 _aBoston :
_bMcGraw-hill/irwin,
_cc2011.
300 _axxii,
_b554 p. : ill. ;
_c26 cm.
504 _aIncludes bibliographical references & index.
650 _a1. Organizational behavior.
650 _a2. Industrial sociology.
942 _2ddc
_n0
_cBK-CIRC
_eThirteenth edition
_kCirc.
999 _c2835
_d2835